[Event "GBR-ch89 Major Open"]
[Site "Torquay"]
[Date "2002.08.02"]
[Round "5"]
[White "Lock, Gavin"]
[Black "Grigoryan, Meri"]
[Result "0-1"]
[WhiteElo "2161"]
[BlackElo "2032"]
[PlyCount "71"]
[EventDate "2002.07.29"]
[EventType "swiss"]
[EventRounds "11"]
[EventCountry "GBR"]

1. d4 Nf6 2. Nf3 e6 3. e3 b6 4. Bd3 Bb7 5. O-O d6 6. Re1 Ne4 7. Nfd2 f5 8. f3
Nxd2 9. Nxd2 Qf6 10. c3 Nd7 11. e4 f4 12. a4 a5 13. Qe2 e5 14. d5 g5 15. b4 h5
16. Bb5 Bc8 17. bxa5 bxa5 18. Ba3 Kf7 19. Bc6 Ra7 20. Qf2 Nb6 21. Nc4 Qd8 22.
Nxb6 cxb6 23. Rab1 Ra6 24. Rb3 g4 25. Reb1 g3 26. Qb2 gxh2+ 27. Kh1 h4 28. Rxb6
h3 29. Rxa6 Bxa6 30. Bb5 Rg8 31. gxh3 Bc8 32. Bf1 Qh4 33. Qxh2 Rg3 34. Qe2 Bxh3
35. Qh2 Rxf3 36. Bg2 {time} 0-1

[Event "GBR-ch89 Major Open"]
[Site "Torquay"]
[Date "2002.08.02"]
[Round "5"]
[White "Mycroft, Richard"]
[Black "Ledger, Stephen C"]
[Result "0-1"]
[WhiteElo "2053"]
[BlackElo "2187"]
[PlyCount "46"]
[EventDate "2002.07.29"]
[EventType "swiss"]
[EventRounds "11"]
[EventCountry "GBR"]

1. Nf3 c5 2. g3 Nc6 3. Bg2 g6 4. O-O Bg7 5. d3 e6 6. e4 d6 7. Qe2 Nge7 8. Nbd2
O-O 9. Re1 b6 10. Nc4 Ba6 11. Ne3 Rc8 12. h4 Nd4 13. Qd1 Nxf3+ 14. Qxf3 Nc6 15.
h5 Bb7 16. Bh3 Qe7 17. Qd1 Rce8 18. f4 f5 19. exf5 exf5 20. Bd2 Nd4 21. Nxf5
Qf6 22. Nxd4 Qxd4+ 23. Kh2 Qf2+ 0-1

[Event "GBR-ch89 Major Open"]
[Site "Torquay"]
[Date "2002.08.02"]
[Round "5"]
[White "Nelson, Omowale"]
[Black "Simons, Martin J"]
[Result "0-1"]
[WhiteElo "2080"]
[BlackElo "2258"]
[PlyCount "70"]
[EventDate "2002.07.29"]
[EventType "swiss"]
[EventRounds "11"]
[EventCountry "GBR"]

1. d4 Nf6 2. c4 c5 3. d5 b5 4. cxb5 a6 5. e3 axb5 6. Bxb5 Qa5+ 7. Nc3 Bb7 8.
Bd2 Qb6 9. Bc4 e6 10. Nf3 exd5 11. Bd3 Be7 12. O-O O-O 13. Na4 Qc6 14. b3 Ne4
15. Rc1 Qh6 16. Ne5 d6 17. Ng4 Qe6 18. Bxe4 dxe4 19. f3 f5 20. Nf2 exf3 21.
gxf3 Nd7 22. Nd3 g5 23. Nc3 Rf7 24. Rf2 Rg7 25. Rg2 Bf6 26. a4 Rb8 27. Nb5 Qd5
28. Ne1 Bc6 29. Bc3 Qxd1 30. Rxd1 Bxb5 31. Bxf6 Nxf6 32. axb5 d5 33. Nd3 Rxb5
34. Rc1 Rxb3 35. Nxc5 Rxe3 {time} 0-1

[Event "GBR-ch89 Major Open"]
[Site "Torquay"]
[Date "2002.08.02"]
[Round "5"]
[White "Sugden, John N"]
[Black "Kelly, Ian G"]
[Result "1-0"]
[WhiteElo "2195"]
[BlackElo "2041"]
[PlyCount "103"]
[EventDate "2002.07.29"]
[EventType "swiss"]
[EventRounds "11"]
[EventCountry "GBR"]

1. e4 g6 2. d4 Nf6 3. e5 Nh5 4. f4 c6 5. Nf3 d6 6. Bc4 d5 7. Be2 Ng7 8. O-O h5
9. Be3 Nf5 10. Bf2 Bh6 11. g3 Na6 12. b3 Nc7 13. c4 Be6 14. Nc3 Qd7 15. Rc1 Rc8
16. c5 Ng7 17. Qd2 Bh3 18. Rfd1 Nf5 19. Ng5 Bxg5 20. fxg5 Ne6 21. Kh1 Kf8 22.
Bf3 Bg4 23. Kg2 Kg7 24. h3 Bxf3+ 25. Kxf3 Rh7 26. Kg2 Rch8 27. Ne2 Kg8 28. Ng1
Qc7 29. Nf3 Qd8 30. Re1 Qd7 31. b4 a6 32. a4 Nc7 33. Rb1 e6 34. h4 Kg7 35. Rh1
Qe7 36. Rh3 Ra8 37. Nh2 Kg8 38. g4 Ng7 39. gxh5 Nxh5 40. Ng4 Kg7 41. Rf3 Rhh8
42. Nh6 Rhf8 43. Rf1 Kh7 44. Be1 f5 45. gxf6 Qd7 46. Rh1 Ne8 47. Qg5 Nexf6 48.
exf6 e5 49. Ng4 e4 50. Qh6+ Kg8 51. Qxg6+ Ng7 52. f7+ 1-0

[Event "GBR-ch89 Major Open"]
[Site "Torquay"]
[Date "2002.08.02"]
[Round "5"]
[White "Williams, Samuel G"]
[Black "Payne, Oliver"]
[Result "0-1"]
[WhiteElo "2141"]
[BlackElo "2076"]
[PlyCount "68"]
[EventDate "2002.07.29"]
[EventType "swiss"]
[EventRounds "11"]
[EventCountry "GBR"]

1. e4 e6 2. d4 d5 3. Nd2 Nf6 4. e5 Nfd7 5. f4 c5 6. c3 cxd4 7. cxd4 Nc6 8. Ndf3
Bb4+ 9. Kf2 f6 10. Bd3 fxe5 11. fxe5 O-O 12. Ne2 Nb6 13. Rf1 Bd7 14. Kg1 Be7
15. a3 Rc8 16. b3 Rf7 17. Kh1 Rc7 18. Bd2 Qf8 19. Qb1 g6 20. h4 Bc8 21. h5 gxh5
22. Nf4 Qe8 23. Be3 Bd8 24. Ra2 Na5 25. Bd2 Nc6 26. Nh3 Rxf3 27. gxf3 Nxd4 28.
Bh6 Nf5 29. Bxf5 exf5 30. Rg2+ Kh8 31. e6 Qxe6 32. Re1 Qf7 33. Qb2+ Bf6 34.
Qxf6+ Qxf6 0-1

[Event "GBR-ch89 Major Open"]
[Site "Torquay"]
[Date "2002.08.03"]
[Round "6"]
[White "Dunn, Andrew M"]
[Black "Plant, Paul R"]
[Result "1-0"]
[WhiteElo "2094"]
[BlackElo "2015"]
[PlyCount "57"]
[EventDate "2002.07.29"]
[EventType "swiss"]
[EventRounds "11"]
[EventCountry "GBR"]

1. d4 Nf6 2. Nf3 g6 3. Nc3 Bg7 4. e4 d6 5. Be3 O-O 6. Qd2 Re8 7. O-O-O a5 8. e5
Nfd7 9. Bc4 Nb6 10. Bxf7+ Kxf7 11. Ng5+ Kg8 12. e6 Rf8 13. d5 c5 14. h4 Nc4 15.
Qd3 Nxb2 16. Kxb2 Qb6+ 17. Ka1 Qb4 18. Nge4 a4 19. Rb1 Qa5 20. Rb5 Qc7 21. h5
Ra5 22. Rhb1 Bxe6 23. Rxb7 Qc8 24. Rxe7 Bf5 25. Rxg7+ Kxg7 26. Qd2 Rd8 27. Bh6+
Kf7 28. Qg5 Nd7 29. Nxd6+ 1-0

[Event "GBR-ch89 Major Open"]
[Site "Torquay"]
[Date "2002.08.03"]
[Round "6"]
[White "Feavyour, John A"]
[Black "Singh, Gurpreetpal"]
[Result "0-1"]
[WhiteElo "2099"]
[BlackElo "2295"]
[PlyCount "72"]
[EventDate "2002.07.29"]
[EventType "swiss"]
[EventRounds "11"]
[EventCountry "GBR"]

1. d4 d6 2. Nf3 g6 3. c4 Bg7 4. Nc3 Nd7 5. e4 e5 6. Bg5 f6 7. Bh4 Nh6 8. dxe5
dxe5 9. Be2 O-O 10. Qd5+ Nf7 11. Rd1 c6 12. Qd2 Qe7 13. O-O Rd8 14. Qc2 Nf8 15.
Rxd8 Qxd8 16. c5 Qa5 17. Na4 Ne6 18. Rd1 g5 19. Bg3 g4 20. Nh4 Nd4 21. Rxd4
exd4 22. f3 Be6 23. a3 b5 24. cxb6 axb6 25. Qxc6 Rc8 26. b4 Rxc6 27. bxa5 bxa5
28. fxg4 Bh6 29. h3 Be3+ 30. Kh2 Rc1 31. Nf3 Ng5 32. Nxg5 Bg1+ 33. Kh1 fxg5 34.
Bd3 Bb3 35. Nb6 Bf2+ 36. Kh2 Bxg3+ 0-1

[Event "GBR-ch89 Major Open"]
[Site "Torquay"]
[Date "2002.08.03"]
[Round "6"]
[White "Frost, Nicholas A"]
[Black "Cooley, Oliver"]
[Result "1-0"]
[WhiteElo "2108"]
[BlackElo "2096"]
[PlyCount "59"]
[EventDate "2002.07.29"]
[EventType "swiss"]
[EventRounds "11"]
[EventCountry "GBR"]

1. e4 e5 2. Nf3 Nc6 3. d4 exd4 4. Nxd4 Nf6 5. Nxc6 bxc6 6. e5 Qe7 7. Qe2 Nd5 8.
c4 Ba6 9. b3 Qh4 10. a3 Bc5 11. g3 Qe7 12. Bb2 Qe6 13. Bg2 Nb6 14. O-O d5 15.
Qd2 O-O 16. Qa5 Bxc4 17. bxc4 Nxc4 18. Qxc5 Nxb2 19. Nd2 Rab8 20. Nf3 Rb6 21.
Nd4 Qd7 22. Qc3 Nc4 23. Rfe1 Rb2 24. Bf1 Rfb8 25. Bxc4 dxc4 26. Qxc4 Rd2 27.
Nf3 Rd3 28. e6 Qd5 29. exf7+ Kxf7 30. Ne5+ 1-0

[Event "GBR-ch89 Major Open"]
[Site "Torquay"]
[Date "2002.08.03"]
[Round "6"]
[White "Haldane, Robin W"]
[Black "Simons, Martin J"]
[Result "0-1"]
[WhiteElo "2098"]
[BlackElo "2258"]
[PlyCount "54"]
[EventDate "2002.07.29"]
[EventType "swiss"]
[EventRounds "11"]
[EventCountry "GBR"]

1. e4 d6 2. d4 Nf6 3. Nc3 c6 4. f4 Qa5 5. Bd2 e5 6. fxe5 dxe5 7. dxe5 Ng4 8.
Be2 Nxe5 9. Nf3 Nbd7 10. a3 Qc7 11. Nxe5 Nxe5 12. O-O Be6 13. b4 Rd8 14. Qe1
Bd6 15. g3 O-O 16. Qf2 b6 17. Be3 Rd7 18. b5 Bc4 19. Bxc4 Nxc4 20. Bd4 Be5 21.
Bxe5 Qxe5 22. bxc6 Rd2 23. Qf3 Qd4+ 24. Kh1 Ne5 25. Qh5 Qxc3 26. Rae1 Qxc2 27.
Rc1 Qxe4+ 0-1

[Event "GBR-ch89 Major Open"]
[Site "Torquay"]
[Date "2002.08.03"]
[Round "6"]
[White "Jackson, Oliver"]
[Black "Williams, Samuel G"]
[Result "0-1"]
[WhiteElo "2226"]
[BlackElo "2141"]
[PlyCount "76"]
[EventDate "2002.07.29"]
[EventType "swiss"]
[EventRounds "11"]
[EventCountry "GBR"]

1. e4 e5 2. f4 Nc6 3. Nf3 f5 4. d4 fxe4 5. Nxe5 d6 6. Nxc6 bxc6 7. d5 Nf6 8. c4
cxd5 9. cxd5 Bd7 10. Nc3 c6 11. Bc4 Qa5 12. Be3 Rb8 13. O-O Rxb2 14. dxc6 Bxc6
15. Qd4 Ng4 16. Bd5 Bxd5 17. Nxd5 Qxd5 18. Qxb2 Nxe3 19. Qb8+ Kf7 20. Qxa7+ Be7
21. Qxe3 Bf6 22. Qa7+ Kg6 23. f5+ Kh5 24. Rad1 Qc5+ 25. Qxc5 dxc5 26. Kf2 Ra8
27. Rd2 e3+ 28. Kxe3 Bg5+ 29. Rf4 Ra3+ 30. Ke4 Ra4+ 31. Kd5 Rxf4 32. Kxc5 Rxf5+
33. Rd5 Rxd5+ 34. Kxd5 Bf4 35. g3 Bd2 36. h3 Be1 37. a4 Bxg3 38. a5 Bf2 0-1

[Event "GBR-ch89 Major Open"]
[Site "Torquay"]
[Date "2002.08.03"]
[Round "6"]
[White "Longson, Alex"]
[Black "Khoo, Teresa"]
[Result "1-0"]
[WhiteElo "2169"]
[BlackElo "2122"]
[PlyCount "81"]
[EventDate "2002.07.29"]
[EventType "swiss"]
[EventRounds "11"]
[EventCountry "GBR"]

1. e4 c5 2. Nf3 Nc6 3. d4 cxd4 4. Nxd4 Nf6 5. Nc3 e5 6. Ndb5 d6 7. Bg5 a6 8.
Na3 b5 9. Bxf6 gxf6 10. Nd5 Bg7 11. Bd3 Ne7 12. Nxe7 Qxe7 13. c3 f5 14. Nc2 f4
15. a4 bxa4 16. Rxa4 O-O 17. Qh5 a5 18. O-O Bd7 19. Ra3 Rfb8 20. Rb1 Bc6 21. g3
Qf6 22. b4 axb4 23. Rxa8 Bxa8 24. cxb4 Qe6 25. Qe2 Bh6 26. b5 Qa2 27. Ra1 Qb2
28. Ra7 Bb7 29. Rxb7 Rxb7 30. Qg4+ Kf8 31. Qc8+ Kg7 32. Qxb7 Qc1+ 33. Kg2 f3+
34. Kh3 Qg5 35. g4 Qf6 36. Bc4 Bg5 37. Qxf7+ Qxf7 38. Bxf7 Kxf7 39. b6 Bd8 40.
b7 Bc7 41. Nb4 1-0

[Event "GBR-ch89 Major Open"]
[Site "Torquay"]
[Date "2002.08.03"]
[Round "6"]
[White "Prokopchuk, Evgeny"]
[Black "Ledger, Stephen C"]
[Result "1-0"]
[WhiteElo "2514"]
[BlackElo "2187"]
[PlyCount "51"]
[EventDate "2002.07.29"]
[EventType "swiss"]
[EventRounds "11"]
[EventCountry "GBR"]

1. e4 c5 2. Nf3 Nc6 3. Bb5 g6 4. Bxc6 dxc6 5. d3 Bg7 6. h3 Nf6 7. Nc3 O-O 8.
Be3 b6 9. Qd2 Re8 10. Bh6 Bh8 11. e5 Nd5 12. Ne4 Bf5 13. Ng3 Qd7 14. O-O Rad8
15. Rad1 f6 16. Rfe1 Be6 17. Qe2 Nc7 18. c4 Qc8 19. Qe4 Bf5 20. Nxf5 Qxf5 21.
Qxf5 gxf5 22. e6 Rd6 23. Bf4 Nxe6 24. Bxd6 exd6 25. d4 cxd4 26. Nxd4 1-0

[Event "GBR-ch89 Major Open"]
[Site "Torquay"]
[Date "2002.08.03"]
[Round "6"]
[White "Sharp, Thomas M"]
[Black "Jones, Chris"]
[Result "1-0"]
[WhiteElo "2031"]
[BlackElo "2173"]
[PlyCount "65"]
[EventDate "2002.07.29"]
[EventType "swiss"]
[EventRounds "11"]
[EventCountry "GBR"]

1. d4 e6 2. Nf3 d5 3. Bg5 f6 4. Bh4 h5 5. Bg3 g5 6. h3 Bd6 7. Bxd6 Qxd6 8. c3
Nd7 9. Qc2 Ne7 10. e4 b6 11. Bd3 Bb7 12. exd5 Bxd5 13. Nbd2 c5 14. O-O-O cxd4
15. Nxd4 Nc5 16. Bb5+ Kf7 17. Bc4 Bxc4 18. Nxc4 Qc7 19. Qe2 Nd5 20. Rhe1 Nf4
21. Qf3 Ncd3+ 22. Rxd3 Qxc4 23. Rde3 e5 24. Nf5 Qxa2 25. Qb7+ Kg6 26. g4 Nd3+
27. Rxd3 hxg4 28. hxg4 Qa1+ 29. Kd2 Qxb2+ 30. Ke3 Rh3+ 31. f3 Rh7 32. Qxa8 Qb3
33. Qe4 1-0

[Event "GBR-ch89 Major Open"]
[Site "Torquay"]
[Date "2002.08.03"]
[Round "6"]
[White "Van Kemenade, Rudy"]
[Black "Garnett, John S"]
[Result "1-0"]
[WhiteElo "2141"]
[BlackElo "2076"]
[PlyCount "63"]
[EventDate "2002.07.29"]
[EventType "swiss"]
[EventRounds "11"]
[EventCountry "GBR"]

1. e4 c5 2. Nf3 e6 3. d4 cxd4 4. Nxd4 Nf6 5. Nc3 Nc6 6. Nxc6 bxc6 7. e5 Nd5 8.
Ne4 Qa5+ 9. Bd2 Qc7 10. f4 Qb6 11. Bd3 Qxb2 12. O-O Qb6+ 13. Rf2 Ba6 14. Bxa6
Qxa6 15. f5 exf5 16. Rxf5 Qb6+ 17. Kh1 Ne3 18. Bxe3 Qxe3 19. Nd6+ Bxd6 20. Qxd6
Qh6 21. Qc5 Qe6 22. Raf1 Rf8 23. h3 Qd5 24. Qf2 Qe6 25. a4 f6 26. Re1 Kf7 27.
exf6 Qd5 28. Re7+ Kg8 29. Rxg7+ Kh8 30. Qh4 Qd1+ 31. Kh2 Qd6+ 32. Rf4 1-0

[Event "GBR-ch89 Major Open"]
[Site "Torquay"]
[Date "2002.08.05"]
[Round "7"]
[White "Cannon, Richard J"]
[Black "Haldane, Robin W"]
[Result "0-1"]
[WhiteElo "2057"]
[BlackElo "2098"]
[PlyCount "92"]
[EventDate "2002.07.29"]
[EventType "swiss"]
[EventRounds "11"]
[EventCountry "GBR"]

1. e4 e5 2. Nf3 Nc6 3. Bb5 a6 4. Ba4 Nf6 5. O-O Be7 6. Re1 b5 7. Bb3 O-O 8. d4
d6 9. c3 Bg4 10. Be3 exd4 11. cxd4 Na5 12. Bc2 d5 13. e5 Ne4 14. h3 Bh5 15. g4
Bg6 16. Nh2 f5 17. exf6 Rxf6 18. f4 Bd6 19. Rf1 Qf8 20. f5 Re8 21. Nf3 Nc4 22.
Bc1 Bxf5 23. gxf5 Rxf5 24. Nc3 Qf6 25. Nxe4 dxe4 26. Ng5 Rxg5+ 27. Bxg5 Qxg5+
28. Qg4 Qe3+ 29. Kh1 Qd2 30. Qg2 Qxg2+ 31. Kxg2 Ne3+ 32. Kf2 Nxc2 33. Rad1 Nxd4
34. Ke3 Bc5 35. b4 Bb6 36. Rxd4 Rd8 37. Rfd1 Rxd4 38. Rxd4 Kf7 39. Kxe4 Bxd4
40. Kxd4 Ke6 41. Ke4 g5 42. a3 h5 43. Ke3 Kf5 44. Kf3 g4+ 45. hxg4+ hxg4+ 46.
Kg3 Kg5 0-1

[Event "GBR-ch89 Major Open"]
[Site "Torquay"]
[Date "2002.08.05"]
[Round "7"]
[White "Cooley, Oliver"]
[Black "Grigoryan, Meri"]
[Result "0-1"]
[WhiteElo "2096"]
[BlackElo "2032"]
[PlyCount "84"]
[EventDate "2002.07.29"]
[EventType "swiss"]
[EventRounds "11"]
[EventCountry "GBR"]

1. e4 d5 2. exd5 Qxd5 3. Nc3 Qa5 4. d4 Bf5 5. Bc4 Nf6 6. Nf3 Nbd7 7. O-O c6 8.
Re1 e6 9. Qe2 Bb4 10. Bg5 Bxc3 11. bxc3 Qxc3 12. Ne5 O-O 13. Nxd7 Nxd7 14. g4
Bg6 15. h4 Nb6 16. Bb3 h6 17. h5 Bh7 18. Be3 Nd5 19. g5 Nxe3 20. fxe3 hxg5 21.
Qg4 Qa5 22. e4 Rfd8 23. e5 Qc3 24. Rad1 Bf5 25. Qxg5 Rxd4 26. Rxd4 Qxd4+ 27.
Kf1 Bh3+ 28. Ke2 Qg4+ 29. Qxg4 Bxg4+ 30. Ke3 Bxh5 31. Rh1 g6 32. Rh4 Rd8 33. c3
Bd1 34. Bc4 Bc2 35. Rh2 Bf5 36. a4 Rd1 37. Rb2 Rb1 38. Rd2 Ra1 39. Bb3 Re1+ 40.
Kf3 Rc1 41. Kf4 Rxc3 42. Bd1 Rd3 0-1

[Event "GBR-ch89 Major Open"]
[Site "Torquay"]
[Date "2002.08.05"]
[Round "7"]
[White "French, Angus J"]
[Black "De Coverly, Roger"]
[Result "1-0"]
[WhiteElo "2090"]
[BlackElo "2129"]
[PlyCount "59"]
[EventDate "2002.07.29"]
[EventType "swiss"]
[EventRounds "11"]
[EventCountry "GBR"]

1. e4 e5 2. Nf3 Nc6 3. d4 exd4 4. Nxd4 Bb4+ 5. c3 Bc5 6. Nxc6 bxc6 7. Bd3 Ne7
8. O-O d6 9. Nd2 O-O 10. b4 Bb6 11. Nc4 f5 12. a4 fxe4 13. Bxe4 d5 14. Nxb6
cxb6 15. Bf3 Nf5 16. Re1 Qf6 17. Bxd5+ Kh8 18. Be4 Nd6 19. Bf3 Bf5 20. Be3 Rad8
21. Bd4 Qg6 22. Re7 Ne4 23. Qe2 Rxd4 24. cxd4 Ng5 25. Bh5 Nh3+ 26. Kf1 Bd3 27.
Bxg6 Rxf2+ 28. Ke1 Rxe2+ 29. Rxe2 Bxe2 30. gxh3 1-0

[Event "GBR-ch89 Major Open"]
[Site "Torquay"]
[Date "2002.08.05"]
[Round "7"]
[White "Greet, Andrew"]
[Black "Sharp, Thomas M"]
[Result "1-0"]
[WhiteElo "2243"]
[BlackElo "2031"]
[PlyCount "49"]
[EventDate "2002.07.29"]
[EventType "swiss"]
[EventRounds "11"]
[EventCountry "GBR"]

1. g3 d5 2. Bg2 Nf6 3. d3 Bg4 4. h3 Bh5 5. c4 c6 6. cxd5 cxd5 7. Qb3 Qd7 8. g4
Bg6 9. g5 Ng8 10. Qxd5 Nc6 11. Qxd7+ Kxd7 12. Nc3 e6 13. Nf3 h6 14. h4 hxg5 15.
hxg5 Rxh1+ 16. Bxh1 Nge7 17. Bf4 Nf5 18. Kd2 Bd6 19. Bxd6 Nxd6 20. Nh4 Bh7 21.
g6 fxg6 22. Bxc6+ bxc6 23. Nf3 Nf5 24. Ne4 Rc8 25. Ne5+ 1-0

[Event "GBR-ch89 Major Open"]
[Site "Torquay"]
[Date "2002.08.05"]
[Round "7"]
[White "Kelly, Ian G"]
[Black "Waters, Clive L"]
[Result "1-0"]
[WhiteElo "2041"]
[BlackElo "2120"]
[PlyCount "59"]
[EventDate "2002.07.29"]
[EventType "swiss"]
[EventRounds "11"]
[EventCountry "GBR"]

1. Nf3 Nc6 2. c4 e5 3. Nc3 f5 4. d3 Bb4 5. Bd2 Bxc3 6. Bxc3 d6 7. g3 Nf6 8. Bg2
O-O 9. O-O Qe8 10. b4 Qh5 11. b5 Ne7 12. c5 f4 13. cxd6 cxd6 14. Qb3+ Kh8 15.
Qb4 Nf5 16. Bxe5 fxg3 17. Bxg3 Nd5 18. Qa3 Nxg3 19. hxg3 Bh3 20. Qxd6 Bxg2 21.
Kxg2 Rf6 22. Qe5 Rf5 23. Qe4 Nf4+ 24. gxf4 Re8 25. Qxb7 Rxf4 26. Rg1 Ref8 27.
Kf1 R4f7 28. Qe4 Qh3+ 29. Ke1 Qd7 30. Ne5 1-0

[Event "GBR-ch89 Major Open"]
[Site "Torquay"]
[Date "2002.08.05"]
[Round "7"]
[White "Payne, Robert"]
[Black "Walton, Alan J"]
[Result "1-0"]
[WhiteElo "2111"]
[BlackElo "2157"]
[PlyCount "95"]
[EventDate "2002.07.29"]
[EventType "swiss"]
[EventRounds "11"]
[EventCountry "GBR"]

1. d4 e6 2. Nf3 f5 3. e3 Nf6 4. Bd3 d5 5. b3 Bd6 6. Bb2 Nbd7 7. Nbd2 c6 8. c4
O-O 9. cxd5 cxd5 10. O-O Ne4 11. Ne5 Qf6 12. Ndf3 g5 13. Nxd7 Bxd7 14. Ne5 Qh6
15. f3 Nf6 16. Qe2 Be8 17. e4 fxe4 18. fxe4 Bh5 19. Qe3 Bg6 20. Rxf6 Rxf6 21.
Ng4 Bxh2+ 22. Kh1 Qh4 23. Nxf6+ Kg7 24. Qh3 Qxh3 25. gxh3 Bf4 26. Nd7 dxe4 27.
Bc4 Kh6 28. Bxe6 Rc8 29. Ne5 Re8 30. d5 b6 31. Nd7 Rc8 32. Nf6 Rc2 33. Ba3 Bh5
34. Bf8+ Kg6 35. Nxh5 Kxh5 36. Re1 Kh4 37. d6 Rh2+ 38. Kg1 Rd2 39. d7 Kg3 40.
Rb1 e3 41. Bg4 e2 42. Re1 Be3+ 43. Kh1 Bf2 44. Bb4 Rd5 45. Rxe2 h5 46. Rd2 Bd4
47. Rd3+ Kf4 48. Bc3 1-0

[Event "GBR-ch89 Major Open"]
[Site "Torquay"]
[Date "2002.08.05"]
[Round "7"]
[White "Prokopchuk, Evgeny"]
[Black "Taylor, Martin R"]
[Result "1-0"]
[WhiteElo "2514"]
[BlackElo "2255"]
[PlyCount "111"]
[EventDate "2002.07.29"]
[EventType "swiss"]
[EventRounds "11"]
[EventCountry "GBR"]

1. e4 e5 2. Nf3 Nc6 3. Bb5 a6 4. Ba4 Nf6 5. O-O b5 6. Bb3 Be7 7. a4 Bb7 8. d3
O-O 9. Re1 d6 10. Bd2 Nd4 11. Nxd4 exd4 12. axb5 axb5 13. Rxa8 Bxa8 14. c3 dxc3
15. Nxc3 b4 16. Ne2 c5 17. Ng3 g6 18. Bh6 Re8 19. Ba4 Nd7 20. d4 Bf8 21. Bxf8
Rxf8 22. Bxd7 Qxd7 23. dxc5 Rd8 24. cxd6 Qxd6 25. Qxd6 Rxd6 26. f3 Kg7 27. Kf2
Bc6 28. Re3 Bb5 29. Ke1 Ba4 30. b3 Bb5 31. Ne2 Ra6 32. Nc1 Rc6 33. Ne2 Ra6 34.
Nd4 Ra1+ 35. Kd2 Ra2+ 36. Nc2 Bf1 37. g3 Bh3 38. Kc1 Be6 39. Kb1 Ra5 40. Nxb4
Rc5 41. Nd5 Bxd5 42. exd5 Rxd5 43. Kc2 h5 44. b4 Kf6 45. Kc3 g5 46. Kc4 Rd2 47.
b5 Rxh2 48. b6 Rd2 49. b7 Rd8 50. Kc5 Kf5 51. Re7 f6 52. Rh7 Kg6 53. Rc7 Rb8
54. Kb6 h4 55. g4 h3 56. Rc2 1-0

[Event "GBR-ch89 Major Open"]
[Site "Torquay"]
[Date "2002.08.05"]
[Round "7"]
[White "Singh, Gurpreetpal"]
[Black "Frost, Nicholas A"]
[Result "0-1"]
[WhiteElo "2295"]
[BlackElo "2108"]
[PlyCount "44"]
[EventDate "2002.07.29"]
[EventType "swiss"]
[EventRounds "11"]
[EventCountry "GBR"]

1. e4 e6 2. b3 d5 3. Bb2 Nf6 4. e5 Nfd7 5. d4 c5 6. c3 Nc6 7. Nf3 cxd4 8. cxd4
f6 9. exf6 Nxf6 10. Nc3 Bd6 11. Bd3 O-O 12. O-O a6 13. Rc1 Bd7 14. Na4 Nb4 15.
Nc3 Nxd3 16. Qxd3 b5 17. Qe2 b4 18. Nb1 Ne4 19. Ne1 Bb5 20. Nd3 Bxh2+ 21. Kxh2
Qh4+ 22. Kg1 Bxd3 0-1

[Event "GBR-ch89 Major Open"]
[Site "Torquay"]
[Date "2002.08.06"]
[Round "8"]
[White "Frost, Nicholas A"]
[Black "Greet, Andrew"]
[Result "0-1"]
[WhiteElo "2108"]
[BlackElo "2243"]
[PlyCount "58"]
[EventDate "2002.07.29"]
[EventType "swiss"]
[EventRounds "11"]
[EventCountry "GBR"]

1. e4 c6 2. d4 d5 3. Nc3 g6 4. Be3 Bg7 5. Qd2 e6 6. Nge2 h6 7. g3 Ne7 8. Bg2
Nd7 9. O-O Nb6 10. b3 dxe4 11. Nxe4 Nbd5 12. Rad1 Nxe3 13. Qxe3 O-O 14. c3 b6
15. Nf4 Ba6 16. Rfe1 Qc7 17. Qc1 Rad8 18. Nd2 Nd5 19. Ne2 Rd7 20. Nf3 Rfd8 21.
Qc2 c5 22. c4 cxd4 23. a3 Nc3 24. Rd3 Nxe2+ 25. Rxe2 b5 26. c5 b4 27. axb4 Rb8
28. c6 Bxd3 29. Qxd3 Qxc6 0-1

[Event "GBR-ch89 Major Open"]
[Site "Torquay"]
[Date "2002.08.06"]
[Round "8"]
[White "Haldane, Robin W"]
[Black "Jones, Chris"]
[Result "1/2-1/2"]
[WhiteElo "2098"]
[BlackElo "2173"]
[PlyCount "37"]
[EventDate "2002.07.29"]
[EventType "swiss"]
[EventRounds "11"]
[EventCountry "GBR"]

1. e4 c6 2. d4 d5 3. Nc3 dxe4 4. Nxe4 Bf5 5. Ng3 Bg6 6. h4 h6 7. h5 Bh7 8. Nf3
e6 9. Bd3 Bxd3 10. Qxd3 Qc7 11. Ne5 Nf6 12. Ne4 Nxe4 13. Qxe4 Nd7 14. Nxd7 Qxd7
15. Bf4 Qd5 16. Qxd5 cxd5 17. Ke2 Be7 18. Rh3 Kd7 19. c3 1/2-1/2

[Event "GBR-ch89 Major Open"]
[Site "Torquay"]
[Date "2002.08.06"]
[Round "8"]
[White "Kafka, Graeme"]
[Black "Singh, Gurpreetpal"]
[Result "0-1"]
[WhiteElo "2098"]
[BlackElo "2295"]
[PlyCount "138"]
[EventDate "2002.07.29"]
[EventType "swiss"]
[EventRounds "11"]
[EventCountry "GBR"]

1. e4 e6 2. d4 d5 3. e5 c5 4. c3 Qb6 5. Nf3 Nc6 6. a3 a5 7. Bd3 Bd7 8. O-O a4
9. Bc2 Nd8 10. Nbd2 Ne7 11. Re1 Nf5 12. Nf1 cxd4 13. cxd4 Nc6 14. Bxa4 Nxe5 15.
Bxd7+ Nxd7 16. Ne3 Nxe3 17. Rxe3 Be7 18. Rb3 Qa6 19. Bf4 O-O 20. Rc1 Rfc8 21.
Rbc3 Rc4 22. Rxc4 dxc4 23. Qe2 Nb6 24. Ne5 Nd5 25. Bd2 b5 26. Bc3 Bd6 27. Ng4
Qa7 28. Ne3 Nxc3 29. Rxc3 Qxd4 30. g3 Qe4 31. Qd2 Be5 32. Rc1 Qd4 33. Qe1 Bf6
34. Rc2 h5 35. Qb4 Qe5 36. h4 Rd8 37. a4 bxa4 38. Qxa4 g5 39. Rxc4 gxh4 40.
gxh4 Qxb2 41. Qc2 Qxc2 42. Nxc2 Kg7 43. Kg2 Kg6 44. Ne3 Rd2 45. Kg3 Bd4 46. Ra4
f5 47. Ra6 Kf7 48. Rc6 Ra2 49. Rc2 Ra3 50. Re2 Kf6 51. Kg2 Bxe3 52. fxe3 Ke5
53. Kf2 Ra4 54. Kg3 Rg4+ 55. Kh3 Ke4 56. Re1 Rg6 57. Re2 Kf3 58. Re1 Kf2 59.
Ra1 Rg3+ 60. Kh2 Rxe3 61. Ra2+ Re2 62. Ra3 e5 63. Ra8 f4 64. Rh8 Kf3+ 65. Kh3
Re1 66. Kh2 e4 67. Rxh5 e3 68. Re5 e2 69. h5 Ra1 0-1

[Event "GBR-ch89 Major Open"]
[Site "Torquay"]
[Date "2002.08.06"]
[Round "8"]
[White "Longson, Alex"]
[Black "Prokopchuk, Evgeny"]
[Result "0-1"]
[WhiteElo "2169"]
[BlackElo "2514"]
[PlyCount "60"]
[EventDate "2002.07.29"]
[EventType "swiss"]
[EventRounds "11"]
[EventCountry "GBR"]

1. e4 d6 2. d4 Nf6 3. Nc3 e5 4. dxe5 dxe5 5. Qxd8+ Kxd8 6. Bc4 Be6 7. Bxe6 fxe6
8. a3 Nc6 9. Be3 Bd6 10. Nge2 Ke7 11. O-O a6 12. f3 h6 13. g4 Nd7 14. Kg2 Rad8
15. Rfd1 Nf8 16. h4 Ng6 17. h5 Nf4+ 18. Nxf4 exf4 19. Bf2 Be5 20. Bh4+ Bf6 21.
Bxf6+ Kxf6 22. Kf2 Nd4 23. Rd2 Nb5 24. Rxd8 Rxd8 25. Nxb5 Rd2+ 26. Ke1 Rh2 27.
Rd1 axb5 28. Rd2 Rxd2 29. Kxd2 Kg5 30. e5 Kh4 0-1

[Event "GBR-ch89 Major Open"]
[Site "Torquay"]
[Date "2002.08.06"]
[Round "8"]
[White "Varnam, Liam"]
[Black "Hebbes, Tim"]
[Result "1-0"]
[WhiteElo "2027"]
[BlackElo "2097"]
[PlyCount "77"]
[EventDate "2002.07.29"]
[EventType "swiss"]
[EventRounds "11"]
[EventCountry "GBR"]

1. e4 e6 2. d4 d5 3. exd5 exd5 4. Bd3 Nf6 5. Nf3 c5 6. c3 Nc6 7. dxc5 Bxc5 8.
O-O O-O 9. Bg5 Bg4 10. Nbd2 Ne5 11. Be2 Ng6 12. Nb3 Bb6 13. h3 Be6 14. Nbd4 h6
15. Be3 Ne4 16. Nd2 Qf6 17. Bd3 Nxd2 18. Qxd2 Bc7 19. g4 Ne7 20. f4 Nc6 21. f5
Bd7 22. g5 Qd6 23. Bf4 Qc5 24. Kh1 hxg5 25. Bxc7 Nxd4 26. Be5 Nc6 27. Bxg7 f6
28. Bxf8 Rxf8 29. h4 Kf7 30. hxg5 Ne5 31. g6+ Kg7 32. Kg2 Bc6 33. Rh1 d4+ 34.
Kg3 Bxh1 35. Rxh1 Nf7 36. gxf7 Kxf7 37. Rh7+ Kg8 38. Qh6 Qe5+ 39. Kg4 1-0